00229nam a2200085Ia 450000100070000000500170000700800410002424500590006526000190012464277620250826153533.0250824s9999 xx 000 0 und d 0aWolfgang Amadeus Mozart Kimdi? cYona Zeldis McDonough bBEYAZ BAL̇NA